000 01186cam a2200277 i 4500
005 20260112091147.0
008 250721s1999 jo gr 000 0 ara d
041 _aara
_heng
082 1 4 _a302.23
_bأ ي ن
100 1 _aأينزلابير، ستيفن
_eمؤلف.
240 1 0 _athe media game: american politicsin the television age.
245 1 0 _aلعبة وسائط الإعلام :
_bالسياسة الأمريكية في عصر التلفزيون /
_cستيفن اينزلابير ، روي بير ، شانتو اينجر ؛ ترجمة د. شحدة فارغ ؛ مراجعة فاروق منصور.
250 _aالطبعة الاولى.
264 3 1 _aعمان :
_bدار البشير للنشر،
_c1999.
300 _a230صفحة.
650 1 7 _aوسائل الإتصال الجماهيري.
650 1 7 _aالإعلام.
650 1 7 _aالولايات المتحدة.
650 1 7 _aالسياسة.
700 1 _aبيرا، روي
_eمؤلف.
700 1 _aإينجو، شانيو
_eمؤلف.
700 1 _aفارع، شحدة
_eمترجم.
700 1 _aمنصور، فاروق
_eمراجع.
942 _2ddc
_cBK
999 _c11182
_d11182